000 01416nam2a22002531 4500
001 rc\142783
005 20250621061108.0
010 _a5-86008-005-0
_bЯросл. полигр. комб.
_91000
035 _a(NLR Aleph) 005613628
090 _a6436739
_c6436739
100 _a20030307d1994 |||y0rusy50 ca
101 0 _arus
102 _aRU
105 _aa |||||||||
200 0 _aТ. 4
_e... в Переславском, Пошехонском и Ростовском районах
_f[Сост. В.А. Смирнов и др.]
210 _cРГ Редкол. обл. Кн. Памяти
_d1994
_aБ. м.
215 _a799 с.
_cил.
320 _aБиблиогр.: с. 792
461 0 _1001rc\142779
_12001#$aКнига Памяти$eРос. Федерация, Яросл. обл.$eПоимен. список погибших и пропавших без вести в годы Великой Отеч. войны, призванных или родившихся...$vТ. 4
_96436704
_cЯрославль
_d1994-
_oРос. Федерация, Яросл. обл. : Поимен. список погибших и пропавших без вести в годы Великой Отеч. войны, призванных или родившихся...
_tКнига Памяти
_y5741504396
_vТ. 4
801 0 _aRU
_bNLR
_gpsbo
801 1 _aRU
_bELAR
_2rusmarc
852 _aNLR
_bС
_jК-4/592
942 _cBOOK
980 _aNB